<?xml version="1.0" encoding="UTF-8"?>
<record
    xmlns:xsi="http://www.w3.org/2001/XMLSchema-instance"
    xsi:schemaLocation="http://www.loc.gov/MARC21/slim http://www.loc.gov/standards/marcxml/schema/MARC21slim.xsd"
    xmlns="http://www.loc.gov/MARC21/slim">

  <leader>01648nab a2200241 i 4500</leader>
  <controlfield tag="003">BR-BrBNA</controlfield>
  <controlfield tag="005">20241203135358.0</controlfield>
  <controlfield tag="008">241203b2010    bl.qr|pooa||| 00| 0 eng |</controlfield>
  <datafield tag="040" ind1=" " ind2=" ">
    <subfield code="a">BR-BrBNA</subfield>
    <subfield code="b">eng</subfield>
  </datafield>
  <datafield tag="072" ind1=" " ind2=" ">
    <subfield code="a">F70</subfield>
  </datafield>
  <datafield tag="100" ind1=" " ind2=" ">
    <subfield code="a">Vaz, Angela Maria Studart da Fonseca </subfield>
  </datafield>
  <datafield tag="245" ind1=" " ind2=" ">
    <subfield code="a">New combinations in Phanera (Leguminosae; Cercideae) from Brazil</subfield>
  </datafield>
  <datafield tag="500" ind1=" " ind2=" ">
    <subfield code="a">Publica&#xE7;&#xE3;o on-line; 30 ref.; 1 illus.; Summaries (En, Pt)</subfield>
  </datafield>
  <datafield tag="520" ind1=" " ind2=" ">
    <subfield code="a">

Abstract

Twenty-nine new combinations and one new synonym are proposed in Phanera for species previously
treated as Bauhinia. The occurrence of each species in Brazil is noted. The lectotypification of Bauhinia alata
and B. radiata is proposed. Phanera alata is illustrated.

Key words: Bauhinia, Neotropics, South America, taxonomy.
</subfield>
  </datafield>
  <datafield tag="520" ind1=" " ind2=" ">
    <subfield code="a">

Resumo

S&#xE3;o propostas vinte e nove novas combina&#xE7;&#xF5;es e um novo sin&#xF4;nimo em Phanera para esp&#xE9;cies previamente
tratadas como Bauhinia. A ocorr&#xEA;ncia no territ&#xF3;rio brasileiro &#xE9; citada para cada esp&#xE9;cie nomeada.
Lectotipifica&#xE7;&#xF5;es de Bauhinia alata e Bauhinia radiata s&#xE3;o propostas aqui. Phanera alata &#xE9; ilustrada aqui.

Palavras-chave: Bauhinia, Neotr&#xF3;pico, Am&#xE9;rica do Sul, taxonomia.
</subfield>
  </datafield>
  <datafield tag="650" ind1=" " ind2=" ">
    <subfield code="a">BAUHINIA FORFICATA</subfield>
  </datafield>
  <datafield tag="650" ind1=" " ind2=" ">
    <subfield code="a">TAXONOMIA</subfield>
  </datafield>
  <datafield tag="650" ind1=" " ind2=" ">
    <subfield code="a">AM&#xC9;RICA DO SUL</subfield>
  </datafield>
  <datafield tag="773" ind1="0" ind2=" ">
    <subfield code="0">709</subfield>
    <subfield code="9">346972</subfield>
    <subfield code="d">Rio de Janeiro-RJ Jardim Botanico do Rio de Janeiro 1935</subfield>
    <subfield code="o">2024-7792</subfield>
    <subfield code="t">Rodrigu&#xE9;sia (Brazil)</subfield>
    <subfield code="x">0370-6583; 2175-7860 on-line</subfield>
    <subfield code="g">v. 61(1 suppl. 1) p. S33-S40; (2010)</subfield>
    <subfield code="w">BR2024003745</subfield>
  </datafield>
  <datafield tag="856" ind1=" " ind2=" ">
    <subfield code="u">https://www.scielo.br/j/rod/a/p8hSVxk9bKKWsGBVqBvfBch/?format=pdf&amp;lang=en</subfield>
  </datafield>
  <datafield tag="942" ind1=" " ind2=" ">
    <subfield code="c">ANA</subfield>
  </datafield>
  <datafield tag="999" ind1=" " ind2=" ">
    <subfield code="c">328981</subfield>
    <subfield code="d">328981</subfield>
  </datafield>
</record>
